LEADER 00844nam0-22003011i-450- 001 990002545500403321 010 $a0470206160 035 $a000254550 035 $aFED01000254550 035 $a(Aleph)000254550FED01 035 $a000254550 100 $a20000920d1986----km-y0itay50------ba 101 0 $aENG 200 1 $aIntroduction to Graph Theory$fRobin J. Wilson. 205 $a3.ed. 210 $aNew York$cLongman$d1986. 215 $aviii, 166 p.$d22 cm 610 0 $aMetodi matematici per la statistica, Teoria dei grafi e applicazioni 676 $a511 700 1$aWilson,$bRobin James$f<1943- >$054496 801 0$aIT$bUNINA$gRICA$2UNIMARC 901 $aBK 912 $a990002545500403321 952 $aV-F-14$b2664$fMAS 959 $aMAS 996 $aIntroduction to graph theory$932605 997 $aUNINA DB $aING01 LEADER 01071nam--2200361---450- 001 990002090520203316 005 20090203113721.0 035 $a000209052 035 $aUSA01000209052 035 $a(ALEPH)000209052USA01 035 $a000209052 100 $a20041019d1970----km-y0itay0103----ba 101 $aita 102 $aIT 105 $a||||||||001yy 200 1 $aInternal auditing$ele verifiche Amministrative nelle aziende italiane$fGianfranco Carnevali, Carlo Alberto Ferandini 210 $aMilano$cETAS Kompass$d1970 215 $a265 p.$d21 cm 410 0$12001 454 1$12001 461 1$1001-------$12001 676 $a657.458 700 1$aCARNEVALI,$bGianfranco$0422291 701 1$aFERANDINI,$bCarlo Alberto$0567457 801 0$aIT$bsalbc$gISBD 912 $a990002090520203316 951 $a657.458 CAR 1 (IRA 28 10)$b561 E.C.$cIRA 28$d00012164 959 $aBK 969 $aECO 979 $aSIAV7$b10$c20041019$lUSA01$h1005 979 $aRSIAV3$b90$c20090203$lUSA01$h1137 996 $aInternal auditing$91042603 997 $aUNISA